000 00455nam a2200193Ia 4500
003 OSt
005 20230607161534.0
008 210423s2003 xx 000 0 und d
040 _cAL
041 _aeng
082 _a658.3 KRAW
_223
100 _aKRAMES (Jeffrcy A)
_9121852
245 _aWetch way
260 _bTata McGraw-hill
_c2003
365 _b125
_cINR
650 _aPersonnel Management
_9121853
906 _away ; Wetch
942 _2ddc
_cBK
999 _c173884
_d173884